[Event "Olympiad Women 2024"]
[Site "Budapest HUN"]
[Date "2024.09.18"]
[Round "7.5"]
[White "Lee, Alice"]
[Black "Sargsyan, Anna M."]
[Result "1-0"]
[WhiteElo "2384"]
[BlackElo "2364"]
[TimeControl "40/5400+30:1800+30"]
[EventDate "2024.09.11"]
[Board "4"]
[WhiteFideId "30941822"]
[BlackFideId "13308130"]
[WhiteTeam "United States of America"]
[BlackTeam "Armenia"]

1. d4 Nf6 2. c4 e6 3. Nf3 d5 4. Nc3 Bb4 5. Bg5 h6 6. Bxf6 Qxf6 7. e3 O-O 8.
Rc1 Rd8 9. Qb3 Nc6 10. c5 a5 11. Bb5 e5 12. O-O e4 13. Nxd5 Rxd5 14. Qxd5
exf3 15. Qxf3 Qxf3 16. gxf3 a4 17. a3 Ba5 18. Bxa4 Ne7 19. Bc2 c6 20. Rfd1
Bh3 21. Bd3 Rd8 22. Bf1 Be6 23. Bc4 Nf5 24. Bxe6 fxe6 25. f4 Kf7 26. Rc4 g5
27. Ra4 Bc7 28. fxg5 hxg5 29. Ra7 Rd7 30. Rd3 Ne7 31. Rb3 Nc8 32. Ra8 Ne7
33. Kg2 e5 34. dxe5 Ke6 35. Rxb7 Kxe5 36. Raa7 Nd5 37. h3 Ke4 38. a4 Rh7
39. b4 g4 40. hxg4 Rh2+ 41. Kg1 Kf3 42. Rxc7 Rg2+ 43. Kh1 Kxf2 44. Rd7 Kg3
45. Rxd5 cxd5 46. Rf7 Rb2 47. Kg1 Rxb4 48. Kf1 Rxa4 49. c6 Ra8 50. g5 1-0

[Event "Olympiad Women 2024"]
[Site "Budapest HUN"]
[Date "2024.09.18"]
[Round "7.6"]
[White "Munkhzul, Turmunkh"]
[Black "Wagner, Dinara"]
[Result "1/2-1/2"]
[WhiteElo "2256"]
[BlackElo "2452"]
[TimeControl "40/5400+30:1800+30"]
[EventDate "2024.09.11"]
[Board "1"]
[WhiteFideId "4901878"]
[BlackFideId "24157570"]
[WhiteTeam "Mongolia"]
[BlackTeam "Germany"]

1. e4 e5 2. Nf3 Nc6 3. Bb5 a6 4. Bxc6 dxc6 5. d4 exd4 6. Qxd4 Qxd4 7. Nxd4
Bd7 8. Be3 O-O-O 9. f3 Ne7 10. Nc3 f5 11. e5 c5 12. Nb3 b6 13. O-O-O Re8
14. f4 Bc6 15. Rhg1 g5 16. g3 Ng6 17. Rdf1 g4 18. Rd1 Bh6 19. Rde1 Bg7 20.
Nd2 h5 21. Nf1 Kd7 22. Bd2 Ke6 23. Nd1 Ne7 24. Nf2 a5 25. Ne3 Bf3 26. Ref1
Bh6 27. Re1 Rd8 28. Nf1 h4 29. Be3 hxg3 30. hxg3 Bf8 31. Nd2 Bb7 32. Nd1
Nc6 33. Rh1 Rxh1 34. Rxh1 Nb4 35. Rh7 Nxa2+ 36. Kb1 Nb4 37. Nc3 Rd7 38. Rh8
Bg7 39. Rh5 Nd5 40. Nxd5 Bxd5 41. Rg5 Bf8 42. c4 Bb7 43. Rg6+ Ke7 44. Kc2
Ke8 45. Re6+ Re7 46. Rxe7+ Bxe7 47. Nb1 Be4+ 48. Kc1 Bd3 49. Na3 Kd7 50.
Kd2 Bf1 51. Ke1 Bg2 52. Bd2 Be4 53. Bc3 Bd8 54. Ke2 Bb7 55. Be1 Kc6 56. Bd2
Bc8 57. Kd3 Be6 58. Nb5 Kb7 59. Be3 Be7 60. Bf2 c6 61. Nc3 Ka6 62. Na4 b5
63. Nxc5+ Bxc5 64. Bxc5 Bxc4+ 65. Kd4 Be6 66. Be7 Kb7 67. Bd8 a4 68. Kc5
Kc8 69. Ba5 Kd7 70. Be1 Bb3 71. Ba5 Bd1 1/2-1/2

[Event "Olympiad Women 2024"]
[Site "Budapest HUN"]
[Date "2024.09.18"]
[Round "7.6"]
[White "Paehtz, Elisabeth"]
[Black "Munguntuul, Batkhuyag"]
[Result "1/2-1/2"]
[WhiteElo "2455"]
[BlackElo "2346"]
[TimeControl "40/5400+30:1800+30"]
[EventDate "2024.09.11"]
[Board "2"]
[WhiteFideId "4641833"]
[BlackFideId "4900758"]
[WhiteTeam "Germany"]
[BlackTeam "Mongolia"]

1. e4 c6 2. Nf3 d5 3. Nc3 dxe4 4. Nxe4 Nf6 5. Qe2 Nxe4 6. Qxe4 Qd5 7. Qh4
Bf5 8. Bc4 Qd6 9. d3 e6 10. Bf4 Qe7 11. Bg5 Qd6 12. O-O-O Be7 13. Rhe1 Nd7
14. Bxe7 Qxe7 15. Qf4 Bg6 16. Nd4 e5 17. Qe3 O-O 18. f4 Rfe8 19. Nf3 Bh5
20. fxe5 Bxf3 21. Qxf3 Qg5+ 22. Qe3 Qxe5 23. Qxe5 Nxe5 24. Bb3 Kf8 25. Re4
Ng6 26. Rf1 f6 27. Be6 Rad8 28. Rfe1 Ne5 29. Bb3 Re7 30. d4 Ng6 31. Rxe7
Nxe7 32. c3 Nd5 33. Kd2 Re8 34. Rf1 Ke7 35. Bc2 g6 36. Rf3 f5 37. c4 Nf6
38. Rb3 Rb8 39. h3 Kd6 40. Rf3 1/2-1/2

[Event "Olympiad Women 2024"]
[Site "Budapest HUN"]
[Date "2024.09.18"]
[Round "7.6"]
[White "Nomin-Erdene, Davaademberel"]
[Black "Heinemann, Josefine"]
[Result "1-0"]
[WhiteElo "2319"]
[BlackElo "2316"]
[TimeControl "40/5400+30:1800+30"]
[EventDate "2024.09.11"]
[Board "3"]
[WhiteFideId "4900782"]
[BlackFideId "12900460"]
[WhiteTeam "Mongolia"]
[BlackTeam "Germany"]

1. e4 c5 2. Nf3 d6 3. d4 cxd4 4. Nxd4 Nf6 5. Nc3 a6 6. Be3 e5 7. Nf3 Be7 8.
Bc4 O-O 9. O-O Nc6 10. Qe2 Na5 11. Bb3 Nxb3 12. axb3 Be6 13. Rfd1 Qc8 14.
Bg5 Qc6 15. Bxf6 Bxf6 16. Nd5 Bd8 17. Rd2 f5 18. c4 fxe4 19. Qxe4 Rf4 20.
Qd3 Bxd5 21. Qxd5+ Qxd5 22. Rxd5 Be7 23. Nd2 Rb8 24. f3 b5 25. Ra2 bxc4 26.
bxc4 Rd4 27. Rxd4 exd4 28. Kf2 Bg5 29. Ke2 Rb4 30. Ne4 Bc1 31. Nxd6 Bf4 32.
Rxa6 Rxb2+ 33. Kd3 h5 34. g3 Be5 35. f4 Bf6 36. Ne4 Rb3+ 37. Kc2 Re3 38.
Nxf6+ gxf6 39. Rxf6 h4 40. Rg6+ Kf7 41. Rg4 Rc3+ 42. Kd2 hxg3 43. hxg3 Kf6
44. Rg5 Rxc4 45. Kd3 Ra4 46. g4 Ke6 47. Re5+ Kf6 48. Rd5 Ra3+ 49. Kxd4 Rg3
50. g5+ Kg6 51. Rd6+ Kf5 52. Rf6+ Kg4 53. g6 Kh5 54. f5 Rg1 55. Rf7 Kh6 56.
Ke5 Ra1 57. Rh7+ Kg5 58. g7 Ra5+ 59. Kd4 Ra4+ 60. Kc3 1-0

[Event "Olympiad Women 2024"]
[Site "Budapest HUN"]
[Date "2024.09.18"]
[Round "7.6"]
[White "Schulze, Lara"]
[Black "Mungunzul, Bat-Erdene"]
[Result "1-0"]
[WhiteElo "2283"]
[BlackElo "2224"]
[TimeControl "40/5400+30:1800+30"]
[EventDate "2024.09.11"]
[Board "4"]
[WhiteFideId "12956830"]
[BlackFideId "4902831"]
[WhiteTeam "Germany"]
[BlackTeam "Mongolia"]

1. e4 e5 2. Nf3 Nc6 3. d4 exd4 4. Nxd4 Bc5 5. Nb3 Bb6 6. Nc3 Nge7 7. Bf4 d6
8. Qd2 Be6 9. O-O-O Qd7 10. Kb1 f5 11. e5 dxe5 12. Qe1 Qc8 13. Bxe5 O-O 14.
f4 Nxe5 15. fxe5 Qe8 16. Be2 Ng6 17. Bh5 Bf7 18. Bxg6 Bxg6 19. Nd5 Bf7 20.
Qc3 c6 21. Nf4 Qe7 22. Rhe1 Rad8 23. g3 Rxd1+ 24. Rxd1 Re8 25. Re1 g5 26.
Nd3 Rd8 27. e6 Be8 28. h4 gxh4 29. gxh4 Qxh4 30. e7 Rd7 31. Qe5 Rd5 32.
Qe6+ Kg7 33. Re2 Qh1+ 34. Nbc1 Bd4 35. Nf4 Rb5 36. b3 Bf6 37. Rg2+ Qxg2 38.
Nxg2 Re5 39. Qc4 Rxe7 40. Nh4 Bd7 41. Qf4 Re5 42. Nd3 Rd5 43. Qg3+ Kf7 44.
Nf3 Ke7 45. Nfe5 Be6 46. Qh2 Bg8 47. Nc4 Rd7 48. Ne3 f4 49. Qxf4 Be6 50.
Nc5 Rd4 51. Qc7+ 1-0

[Event "Olympiad Women 2024"]
[Site "Budapest HUN"]
[Date "2024.09.18"]
[Round "7.7"]
[White "Khademalsharieh, Sarasadat"]
[Black "Daulyte-Cornette, Deimante"]
[Result "1/2-1/2"]
[WhiteElo "2468"]
[BlackElo "2369"]
[TimeControl "40/5400+30:1800+30"]
[EventDate "2024.09.11"]
[Board "1"]
[WhiteFideId "12512214"]
[BlackFideId "12802859"]
[WhiteTeam "Spain"]
[BlackTeam "France"]

1. d4 Nf6 2. Nf3 d5 3. c3 e6 4. Bf4 c5 5. e3 Nc6 6. Nbd2 Nh5 7. Bg5 f6 8.
Bh4 g6 9. Be2 cxd4 10. cxd4 Be7 11. Rc1 Bd7 12. Nb3 b6 13. a3 a6 14. Nfd2
Ng7 15. Bd3 O-O 16. Bg3 Nf5 17. Qe2 a5 18. O-O Nxg3 19. hxg3 a4 20. Na1 Ra5
21. Nc2 f5 22. f4 Bd6 23. Nf3 Qe7 24. Ne5 Be8 25. Nxc6 Bxc6 26. Nb4 Bd7 27.
Qd2 Bxb4 28. axb4 Ra7 29. Rc2 Rc8 30. Rxc8+ Bxc8 31. Rc1 Bd7 32. Qc3 Qd6
33. Be2 h5 34. Kf2 Kf7 35. Bd3 Kg8 36. Qa3 Kf7 37. Rc3 Qb8 38. b5 Qf8 39.
Be2 Kg8 40. Rc2 1/2-1/2

[Event "Olympiad Women 2024"]
[Site "Budapest HUN"]
[Date "2024.09.18"]
[Round "7.7"]
[White "Milliet, Sophie"]
[Black "Vega Gutierrez, Sabrina"]
[Result "1-0"]
[WhiteElo "2348"]
[BlackElo "2374"]
[TimeControl "40/5400+30:1800+30"]
[EventDate "2024.09.11"]
[Board "2"]
[WhiteFideId "623725"]
[BlackFideId "2219026"]
[WhiteTeam "France"]
[BlackTeam "Spain"]

1. e4 c5 2. Nf3 g6 3. c4 Bg7 4. d4 cxd4 5. Nxd4 Qb6 6. Nb3 d6 7. Be2 Nd7 8.
O-O Ngf6 9. Nc3 O-O 10. Be3 Qd8 11. Nd4 Nc5 12. f3 Ne6 13. Nc2 b6 14. Qd2
Bb7 15. Rfd1 Nd7 16. Rab1 Rc8 17. Nd5 Ne5 18. b3 Nc5 19. Bg5 Re8 20. Qe3
Ne6 21. Bh4 b5 22. Na3 bxc4 23. bxc4 Nc5 24. f4 Ned7 25. Nb5 Bxd5 26. cxd5
Qa5 27. a3 Ra8 28. Be1 Qd8 29. Nd4 e6 30. dxe6 fxe6 31. Nb5 d5 32. Nd6 d4
33. Rxd4 Bxd4 34. Qxd4 Rf8 35. Bc3 Qf6 36. Rb5 Na4 37. Qxf6 Nxf6 38. Bb4
Ne8 39. Bc4 Nc7 40. Rb7 a5 41. Rxc7 axb4 42. Bxe6+ Kh8 43. axb4 Rxf4 44.
Nf7+ Kg7 45. g3 Rxe4 46. Ng5+ Kf6 47. Nxe4+ Kxe6 48. Rxh7 Nb6 49. Nc5+ Kf6
50. Kf2 Nd5 51. b5 Rc8 52. Ne4+ Ke5 53. Nd2 Rc2 54. Ke1 Kd4 55. Rd7 Ke3 56.
Nf1+ Ke4 57. Rxd5 1-0

[Event "Olympiad Women 2024"]
[Site "Budapest HUN"]
[Date "2024.09.18"]
[Round "7.7"]
[White "Matnadze Bujiashvili, Ann"]
[Black "Guichard, Pauline"]
[Result "0-1"]
[WhiteElo "2338"]
[BlackElo "2374"]
[TimeControl "40/5400+30:1800+30"]
[EventDate "2024.09.11"]
[Board "3"]
[WhiteFideId "13601377"]
[BlackFideId "639370"]
[WhiteTeam "Spain"]
[BlackTeam "France"]

1. Nf3 Nf6 2. b3 d5 3. Bb2 c5 4. g3 Nc6 5. Bg2 Bg4 6. h3 Bh5 7. O-O e6 8.
d3 Be7 9. Nbd2 Qc7 10. a3 O-O 11. Qe1 Rfd8 12. e4 dxe4 13. dxe4 Nd4 14. Rc1
Bxf3 15. Nxf3 Nxf3+ 16. Bxf3 c4 17. bxc4 Qxc4 18. e5 Nd5 19. Be2 Qc6 20.
Bd3 Nb6 21. Qe2 Rac8 22. Rb1 Nc4 23. Bc1 b6 24. Rb3 Qc5 25. a4 Na5 26. Rb5
Qc7 27. h4 Rd4 28. f4 Nc6 29. f5 Bc5 30. Be3 Qxe5 31. Bxd4 Qxe2 32. Bxe2
Nxd4 33. Kg2 Nxe2 34. fxe6 fxe6 35. Rb3 Nd4 36. Rd3 Nxc2 37. Rc1 Nb4 38.
Rd7 a5 39. h5 Rf8 40. Re1 Rf6 41. Rd8+ Kf7 42. Rd7+ Be7 43. Rc1 Nd5 44. Rb7
h6 45. Ra1 Rf5 46. g4 Rf4 47. Kg3 Kf6 48. Rxb6 Rxg4+ 49. Kxg4 Nxb6 50. Kf4
Bb4 51. Ke4 Bc3 52. Ra3 Nd5 53. Ra2 Kg5 54. Rh2 Nf6+ 55. Kd3 Bb4 56. Rg2+
Ng4 57. Ke4 Kxh5 58. Kf4 g5+ 59. Ke4 Nf6+ 60. Ke5 Nd5 61. Rh2+ Kg6 62. Kxe6
Nc3 63. Rf2 g4 64. Ke5 Kg5 65. Rf5+ Kh4 66. Kf4 Nxa4 67. Rd5 Nc5 68. Rd6 h5
69. Rd1 Ne6+ 70. Kf5 Ng5 71. Rd4 Nf3 72. Re4 Kh3 73. Rf4 Bd2 74. Ra4 g3 75.
Ra3 g2 0-1

[Event "Olympiad Women 2024"]
[Site "Budapest HUN"]
[Date "2024.09.18"]
[Round "7.7"]
[White "Hejazipour, Mitra"]
[Black "Calzetta Ruiz, Monica"]
[Result "0-1"]
[WhiteElo "2327"]
[BlackElo "2199"]
[TimeControl "40/5400+30:1800+30"]
[EventDate "2024.09.11"]
[Board "4"]
[WhiteFideId "12505951"]
[BlackFideId "2204185"]
[WhiteTeam "France"]
[BlackTeam "Spain"]

1. d4 d5 2. c4 c5 3. Nf3 Nf6 4. g3 cxd4 5. Nxd4 e5 6. Nb3 Nc6 7. Bg2 d4 8.
O-O Be6 9. N3d2 Bc5 10. b3 O-O 11. Ba3 Bxa3 12. Nxa3 Qd7 13. Ne4 Nxe4 14.
Bxe4 Bh3 15. Re1 f5 16. Bd5+ Kh8 17. Qd2 f4 18. Nc2 Rf6 19. f3 Raf8 20. g4
h5 21. g5 Rg6 22. Kh1 Rxg5 23. Rg1 Rxg1+ 24. Rxg1 Ne7 25. Be4 Bf5 26. Qd3
g6 27. Nb4 Kh7 28. Nd5 Nxd5 29. cxd5 Kh6 30. Rc1 Rd8 31. d6 Bxe4 32. Qxe4
Qxd6 33. Qxb7 d3 34. exd3 Qxd3 35. Qe4 Qxe4 36. fxe4 Rd4 37. Rc7 Rxe4 38.
Rxa7 f3 39. Kg1 Re2 40. Rf7 e4 41. h4 Rxa2 42. Rf4 Rg2+ 43. Kf1 Rg4 0-1

[Event "Olympiad Women 2024"]
[Site "Budapest HUN"]
[Date "2024.09.18"]
[Round "7.8"]
[White "Ouellet, Maili-Jade"]
[Black "Stefanova, Antoaneta"]
[Result "1/2-1/2"]
[WhiteElo "2318"]
[BlackElo "2416"]
[TimeControl "40/5400+30:1800+30"]
[EventDate "2024.09.11"]
[Board "1"]
[WhiteFideId "2620472"]
[BlackFideId "2902257"]
[WhiteTeam "Canada"]
[BlackTeam "Bulgaria"]

1. d4 d5 2. c4 c6 3. Nc3 Nf6 4. Nf3 e6 5. Bg5 h6 6. Bxf6 Qxf6 7. e3 g6 8.
Be2 Bg7 9. e4 Qd8 10. e5 O-O 11. O-O Nd7 12. Qc2 dxc4 13. Bxc4 c5 14. Rad1
cxd4 15. Nxd4 Qc7 16. Ncb5 Qxe5 17. Rfe1 Qc5 18. Nxe6 fxe6 19. Rxd7 Kh8 20.
Rc7 Qb6 21. Re3 e5 22. Bd3 Be6 23. Qc5 Qxc5 24. Rxc5 Rac8 25. Rxc8 Rxc8 26.
h4 Bf6 27. Bxg6 Bxh4 28. Nc3 Rc5 29. f4 Kg7 30. Bd3 Bf6 31. f5 Bf7 32. Rg3+
Kf8 33. Be4 b5 34. a3 a5 35. Rd3 b4 36. axb4 axb4 37. Nd5 Bg5 38. b3 Rc1+
39. Kf2 Bh4+ 40. g3 Rc2+ 41. Ke1 Bh5 42. gxh4 Re2+ 43. Kf1 Rxe4 44. Re3
Rxe3 45. Nxe3 Bf7 46. Nc2 Bxb3 47. Nxb4 Kf7 48. Kf2 Kf6 49. Ke3 Kxf5 50.
Nc6 Bd5 51. Nb4 Be4 52. Na6 Ba8 53. Nc5 e4 54. h5 Bc6 55. Kd4 Kf4 56. Ne6+
Kg4 57. Ke3 Kxh5 58. Kf4 Kh4 59. Nd4 Bd7 60. Kxe4 Kg4 61. Ke3 h5 62. Kf2
Kh3 63. Ne2 h4 64. Nf4+ Kg4 65. Ng6 Bf5 66. Nxh4 1/2-1/2

[Event "Olympiad Women 2024"]
[Site "Budapest HUN"]
[Date "2024.09.18"]
[Round "7.8"]
[White "Salimova, Nurgyul"]
[Black "Pham, Bich Ngoc"]
[Result "1/2-1/2"]
[WhiteElo "2412"]
[BlackElo "2199"]
[TimeControl "40/5400+30:1800+30"]
[EventDate "2024.09.11"]
[Board "2"]
[WhiteFideId "2915138"]
[BlackFideId "12401285"]
[WhiteTeam "Bulgaria"]
[BlackTeam "Canada"]

1. d4 Nf6 2. Nf3 e6 3. Bf4 d5 4. e3 c5 5. c3 Nc6 6. Nbd2 cxd4 7. exd4 Nh5
8. Be3 Bd6 9. Bd3 Nf4 10. Bxf4 Bxf4 11. O-O O-O 12. Re1 Bd7 13. g3 Bh6 14.
Nf1 g6 15. h4 f6 16. Ne3 Ne7 17. c4 Bxe3 18. Rxe3 dxc4 19. Bxc4 Nd5 20.
Bxd5 exd5 21. Qb3 Bc6 22. Rae1 Qd7 23. Re7 Qf5 24. Qe3 Rf7 25. Rxf7 Kxf7
26. Qh6 Qh5 27. Qf4 Qf5 28. Qc7+ Qd7 29. Qa5 a6 30. Kg2 Re8 31. Rxe8 Qxe8
32. Qc7+ Qe7 33. Qb8 Qe4 34. Qc7+ Kg8 35. b3 h6 36. Qc8+ Kg7 37. g4 Qf4 38.
Qe6 Qe4 39. Qxe4 dxe4 40. Ne1 g5 41. Kg3 f5 42. gxf5 Kf6 43. Ng2 gxh4+ 44.
Nxh4 Kg5 45. f6 Bd5 46. Ng2 b5 47. Ne3 Bg8 48. b4 h5 49. d5 Bf7 50. a3 Bg8
51. d6 h4+ 52. Kh2 Kxf6 53. Ng4+ Ke6 54. d7 Ke7 55. Kh3 Be6 56. Kxh4 Bxd7
57. Kg5 Ke6 58. Kf4 Bc6 59. Ne3 Bb7 60. Nf1 Kd5 61. Nd2 Kd4 62. Nb3+ Kc3
63. Nc5 Bc8 64. Kxe4 Kb2 65. Kd4 Kxa3 66. Kc3 Ka2 67. f4 Ka3 68. Nb3 Ka4
69. Nc5+ Ka3 70. Nd3 Ka4 71. Ne5 a5 72. Nc6 axb4+ 73. Nxb4 Bh3 74. Nd5
1/2-1/2

[Event "Olympiad Women 2024"]
[Site "Budapest HUN"]
[Date "2024.09.18"]
[Round "7.8"]
[White "Demchenko, Svitlana"]
[Black "Radeva, Viktoria"]
[Result "0-1"]
[WhiteElo "2167"]
[BlackElo "2296"]
[TimeControl "40/5400+30:1800+30"]
[EventDate "2024.09.11"]
[Board "3"]
[WhiteFideId "14149893"]
[BlackFideId "2915405"]
[WhiteTeam "Canada"]
[BlackTeam "Bulgaria"]

1. d4 Nf6 2. Nf3 e6 3. Bf4 b6 4. e3 Bb7 5. Bd3 Nh5 6. Bg5 Be7 7. Bxe7 Qxe7
8. O-O d6 9. c4 O-O 10. Nc3 g6 11. Re1 Nd7 12. e4 e5 13. Rc1 Rae8 14. a3
Qd8 15. Bc2 Nf4 16. g3 Ne6 17. d5 Ng7 18. Qd2 Bc8 19. Qh6 f6 20. b4 Re7 21.
Nb5 a6 22. Na7 Nb8 23. c5 Bd7 24. Bb3 Qe8 25. Qe3 bxc5 26. bxc5 Kh8 27.
cxd6 cxd6 28. Qb6 Bg4 29. Nd2 Qf7 30. Nc6 Rb7 31. Qe3 f5 32. f3 f4 33. gxf4
exf4 34. Qc3 Bh3 35. Nc4 Qc7 36. N4a5 Rb5 37. Bc4 Qb6+ 38. Kh1 Qf2 39. Bf1
Rb2 40. Qxb2 Qxb2 41. Bxh3 Qxa3 42. Kg2 h5 43. Nc4 Qa2+ 44. Kg1 g5 45. Rf1
g4 46. Rf2 Qa4 47. Nxb8 Rxb8 48. fxg4 Rc8 49. Bf1 Qd7 50. g5 Rf8 51. Be2
Qe7 52. h4 Qxe4 53. Bf3 Qe7 54. Re2 Qa7+ 55. Kh2 Nf5 56. Be4 Ng3 57. Ree1
Nxe4 58. Rxe4 Qf2+ 0-1

[Event "Olympiad Women 2024"]
[Site "Budapest HUN"]
[Date "2024.09.18"]
[Round "7.8"]
[White "Peycheva, Gergana"]
[Black "Golubeva, Oksana"]
[Result "1/2-1/2"]
[WhiteElo "2248"]
[BlackElo "2119"]
[TimeControl "40/5400+30:1800+30"]
[EventDate "2024.09.11"]
[Board "4"]
[WhiteFideId "2916711"]
[BlackFideId "4170164"]
[WhiteTeam "Bulgaria"]
[BlackTeam "Canada"]

1. d4 d5 2. c4 e6 3. Nc3 Nf6 4. cxd5 exd5 5. Bg5 Be7 6. e3 h6 7. Bh4 Bg4 8.
f3 Be6 9. Bd3 O-O 10. Nge2 c5 11. O-O Nc6 12. Kh1 cxd4 13. exd4 Qd7 14. Bf2
Bd6 15. Ng3 Rac8 16. Na4 b6 17. Nc3 Na5 18. Ba6 Rcd8 19. Bb5 Qb7 20. Qd3
Nc6 21. Nf5 Bxf5 22. Qxf5 Ne7 23. Qd3 Ng6 24. g3 Qc8 25. Kg2 Nh5 26. Ne2
Qe6 27. Qe3 Qf6 28. f4 Ne7 29. Qf3 Qg6 30. f5 Nxf5 31. g4 Ne7 32. Kh1 Nf6
33. Rg1 Qe4 34. Qxe4 Nxe4 35. Be1 Ng6 36. Nc3 Ng5 37. Rf1 Ne6 38. Rd1 Be7
39. Bf2 Bg5 40. a3 Rd6 41. Bg3 Bf4 42. Be1 Be3 43. Ne2 Bg5 44. Bb4 Rdd8 45.
Bxf8 Kxf8 46. Rf3 Bf6 47. Rc3 Ne7 48. Ba4 Nc8 49. Bc2 Nd6 50. Bf5 Ng5 51.
Kg2 Nc4 52. h4 Ne6 53. Bxe6 fxe6 54. Nf4 Kg8 55. g5 e5 56. gxf6 exf4 57.
Kf3 gxf6 58. Kxf4 Re8 59. b3 Re4+ 60. Kf3 Nd6 61. a4 Kf7 62. Rc7+ Ke6 63.
Rxa7 Nf5 64. Rb7 Re3+ 65. Kf4 Re4+ 66. Kf3 Re3+ 67. Kg4 Re4+ 68. Kf3
1/2-1/2

[Event "Olympiad Women 2024"]
[Site "Budapest HUN"]
[Date "2024.09.18"]
[Round "7.9"]
[White "Cori T., Deysi"]
[Black "Roebers, Eline"]
[Result "1-0"]
[WhiteElo "2366"]
[BlackElo "2340"]
[TimeControl "40/5400+30:1800+30\""]
[EventDate "2024.09.11"]
[Board "1"]
[WhiteFideId "3801934"]
[BlackFideId "1058401"]
[WhiteTeam "Peru"]
[BlackTeam "Netherlands"]

1. Nf3 Nf6 2. g3 g6 3. b3 Bg7 4. Bb2 O-O 5. Bg2 c5 6. c4 d6 7. d4 d5 8. O-O
Nc6 9. Na3 cxd4 10. Nxd4 Nxd4 11. Qxd4 Be6 12. c5 Rc8 13. Rac1 Qd7 14. Rfd1
Rfd8 15. Qb4 Qc7 16. Nb5 Qb8 17. Nd4 Bd7 18. Nf3 Bc6 19. Be5 Qa8 20. a4 Ne8
21. Bh3 Bd7 22. Bxd7 Rxd7 23. Bxg7 Nxg7 24. Ne5 Rdd8 25. c6 Rc7 26. Nxf7
Rf8 27. Nh6+ Kh8 28. Rxd5 bxc6 29. Qd4 Qb8 30. Rd8 Rxd8 31. Nf7+ Kg8 32.
Nxd8 Qxb3 33. Nxc6 Ne6 34. Qe5 Rd7 35. Kg2 Kf7 36. Rc3 1-0

[Event "Olympiad Women 2024"]
[Site "Budapest HUN"]
[Date "2024.09.18"]
[Round "7.9"]
[White "Peng, Zhaoqin"]
[Black "Aliaga Fernandez, Ingrid Y"]
[Result "1-0"]
[WhiteElo "2349"]
[BlackElo "2111"]
[TimeControl "40/5400+30:1800+30\""]
[EventDate "2024.09.11"]
[Board "2"]
[WhiteFideId "1004786"]
[BlackFideId "3802191"]
[WhiteTeam "Netherlands"]
[BlackTeam "Peru"]

1. Nf3 d5 2. e3 Nf6 3. c4 e6 4. b3 b6 5. Bb2 Bb7 6. Nc3 a6 7. d4 Bd6 8. Bd3
Nbd7 9. Qc2 Qe7 10. e4 dxe4 11. Nxe4 Nxe4 12. Bxe4 Bb4+ 13. Ke2 Bxe4 14.
Qxe4 O-O 15. a3 Bd6 16. Rhe1 Qf6 17. Kf1 Qg6 18. Qe2 a5 19. Rad1 Rfd8 20.
Rd3 h6 21. Red1 Nf6 22. g3 Re8 23. h3 a4 24. b4 b5 25. cxb5 Qh5 26. h4 Qxb5
27. Kg1 Qd5 28. Ne5 Qb5 29. Qf3 Qd5 30. Qe2 Qb5 31. Bc1 Rad8 32. Nf3 Rd7
33. Qc2 Red8 34. Rc3 Nd5 35. Rc4 Nf6 36. Re1 Ra8 37. Ne5 Rdd8 38. Nc6 Re8
39. Rc3 Qd5 40. Ne5 Qxd4 41. Rd3 Qb6 42. Bb2 Qb5 43. Rf3 h5 44. Nxf7 Kxf7
45. Bxf6 Kg8 46. Qg6 Bf8 47. Bxg7 Bxg7 48. Rf7 1-0

[Event "Olympiad Women 2024"]
[Site "Budapest HUN"]
[Date "2024.09.18"]
[Round "7.9"]
[White "Contreras Huaman, Fiorella"]
[Black "Van Foreest, Machteld"]
[Result "0-1"]
[WhiteElo "2168"]
[BlackElo "2224"]
[TimeControl "40/5400+30:1800+30\""]
[EventDate "2024.09.11"]
[Board "3"]
[WhiteFideId "3824675"]
[BlackFideId "1051563"]
[WhiteTeam "Peru"]
[BlackTeam "Netherlands"]

1. e4 c5 2. Nc3 Nc6 3. g3 g6 4. Bg2 Bg7 5. d3 d6 6. Nge2 e5 7. Nd5 Nge7 8.
h4 h6 9. c3 Nxd5 10. exd5 Ne7 11. b4 O-O 12. Rb1 b6 13. O-O Bg4 14. bxc5
bxc5 15. Qc2 Qc8 16. c4 Bd7 17. Nc3 Nf5 18. Be3 Nxe3 19. fxe3 f5 20. Nb5
Rf6 21. Nc3 h5 22. Qb3 Rf8 23. Nb5 Bxb5 24. Qxb5 f4 25. Qc6 Qd8 26. Bh3
fxe3 27. Rxf8+ Qxf8 28. Rf1 e2 29. Re1 Rb8 30. Kg2 e4 31. dxe4 Rb2 32. Qd7
Bd4 33. Be6+ Kh8 34. Bf7 Qg7 35. Qe8+ Kh7 36. Kf3 Qf6+ 37. Kg2 Qf2+ 38. Kh3
Qf1+ 39. Kh2 Bg1+ 40. Kh1 Qh3+ 41. Kxg1 Qxg3+ 42. Kh1 Qxe1+ 43. Kg2 Qh1+
0-1

[Event "Olympiad Women 2024"]
[Site "Budapest HUN"]
[Date "2024.09.18"]
[Round "7.9"]
[White "Bensdorp-De Labaca, Marlies"]
[Black "Garcia Andrada, Heidy Nicole"]
[Result "1-0"]
[WhiteElo "2241"]
[BlackElo "2003"]
[TimeControl "40/5400+30:1800+30\""]
[EventDate "2024.09.11"]
[Board "4"]
[WhiteFideId "1009311"]
[BlackFideId "3831779"]
[WhiteTeam "Netherlands"]
[BlackTeam "Peru"]

1. d4 e6 2. Nf3 b6 3. e4 Bb7 4. Bd3 d6 5. O-O Nd7 6. Re1 c5 7. c3 Qc7 8.
Nbd2 Ngf6 9. a4 Be7 10. Nf1 O-O 11. Ng3 Rfe8 12. Bd2 Bf8 13. b4 Rab8 14.
Qe2 g6 15. h4 Bg7 16. h5 e5 17. d5 Nf8 18. h6 Bh8 19. Ng5 Bc8 20. f3 Bd7
21. b5 Rec8 22. Bc4 Qd8 23. Rf1 Qe7 24. Rae1 Rc7 25. Qd3 Be8 26. Re2 N6d7
27. Ref2 Bf6 28. Nh3 Bh4 29. Kh2 Nf6 30. Re2 Bd7 31. Nh1 Bxh3 32. Kxh3 N6d7
33. g3 Bg5 34. Nf2 Bxd2 35. Qxd2 g5 36. Ng4 Ng6 37. Rh2 f6 38. Ne3 Ndf8 39.
Kg2 Kh8 40. Kh1 Qd8 41. Nf5 Rbb7 42. Ra1 Rf7 43. Bd3 Ne7 44. Ne3 Nfg6 45.
Qg2 Rf8 46. Qh3 Rg8 47. Rha2 Qc8 48. Qe6 Qxe6 49. dxe6 Nc8 50. Bc4 Re8 51.
a5 bxa5 52. Rxa5 Nf8 53. Ng4 Nxe6 54. Nxf6 Ree7 55. Bd5 Rbc7 56. Kg2 Nd8
57. Ra6 Nb6 58. Rxb6 axb6 59. Ra8 1-0

[Event "Olympiad Women 2024"]
[Site "Budapest HUN"]
[Date "2024.09.18"]
[Round "7.10"]
[White "Tsolakidou, Stavroula"]
[Black "Khamdamova, Afruza"]
[Result "1-0"]
[WhiteElo "2444"]
[BlackElo "2313"]
[TimeControl "40/5400+30:1800+30\""]
[EventDate "2024.09.11"]
[Board "1"]
[WhiteFideId "4264312"]
[BlackFideId "14210444"]
[WhiteTeam "Greece"]
[BlackTeam "Uzbekistan"]

1. e4 e5 2. Nf3 Nc6 3. Bb5 a6 4. Ba4 Nf6 5. O-O Be7 6. Re1 b5 7. Bb3 d6 8.
c3 O-O 9. h3 Bb7 10. d4 Re8 11. a3 h6 12. Ba2 Bf8 13. d5 Ne7 14. b3 c6 15.
c4 Ng6 16. Nc3 cxd5 17. cxd5 Qa5 18. b4 Qc7 19. Bd2 Bc8 20. Rc1 Qb7 21. Bb1
Bd7 22. Bd3 Nf4 23. Bf1 g5 24. h4 g4 25. Nh2 h5 26. g3 Ng6 27. Be2 Rac8 28.
f3 Qb6+ 29. Kg2 Qd4 30. Rf1 Bg7 31. Rc2 Rf8 32. Qc1 gxf3+ 33. Nxf3 Qb6 34.
Nh2 Qc7 35. Bd3 Qb7 36. Bh6 Ng4 37. Bxg7 Kxg7 38. Nxg4 Bxg4 39. Qe3 Rc7 40.
Rfc1 f6 41. Be2 Qc8 42. Qd2 Qd7 43. Nd1 Rxc2 44. Qxc2 Bxe2 45. Qxe2 f5 46.
Ne3 fxe4 47. Qxh5 Qf7 48. Qg5 Kh7 49. Rf1 Nf4+ 50. gxf4 Rg8 51. Ng4 Rxg5
52. fxg5 Qc7 53. h5 Qc2+ 54. Rf2 Qd1 55. g6+ Kg8 56. Kg3 e3 57. Rf7 Qe1+
58. Kg2 Qe2+ 59. Kh3 Qxg4+ 60. Kxg4 1-0